| 000 | 00812cam a2200277 a 4500 | ||
|---|---|---|---|
| 001 | 3120386 | ||
| 003 | ARRUPE | ||
| 005 | 20160321143058.0 | ||
| 008 | 011205s1999 bs b 100 0 eng d | ||
| 035 | _a(OCoLC)ocm48541472 | ||
| 035 | _a(NNC)3120386 | ||
| 040 |
_aINU _cINU _dNNC |
||
| 043 | _afs----- | ||
| 050 | 4 | _aPN3000.S6P37 1999 | |
| 100 |
_aRenato Matusse. _923082 |
||
| 245 | 0 | 0 |
_aPast, roles and development of theatre arts in SADC / _ceditor, |
| 260 |
_aGaborone, Botswana : _bSADC, _cc1999. |
||
| 300 |
_a140 p. ; _c21 cm. |
||
| 490 | 1 |
_aSACIS series ; _vno. 1 |
|
| 504 | _aIncludes bibliographical references. | ||
| 650 | 0 |
_aTheater _zAfrica, Southern _923083 |
|
| 700 | 1 |
_aMatusse, Renato. _923084 |
|
| 830 | 0 |
_aSACIS series ; _vno. 1. _923085 |
|
| 942 |
_2lcc _cMONOGRAPH |
||
| 999 |
_c124413 _d124413 |
||